Compter de 1 à 10 en plusieurs langues - Statistiques

Statistiques générales
  • Ce quiz a été pris 241 fois
  • Le résultat moyen est 42 sur 73
Statistiques - réponses
Français % Correct
2 Deux
100%
6 Six
100%
Six
100%
3 Trois
100%
1 Un
100%
5 Cinq
99%
4 Quatre
99%
Two
99%
10 Dix
98%
Five
98%
8 Huit
98%
9 Neuf
98%
One
98%
7 Sept
98%
Seven
98%
Ten
98%
Tre
98%
Dos
97%
Ni
97%
Nine
97%
Tres
97%
Four
96%
Three
96%
Uno
96%
Eight
94%
Sei
86%
Cinco
83%
Ocho
83%
Nueve
81%
Quattro
79%
Siete
79%
Seis
77%
Cuatro
74%
Quatro
71%
Diez
62%
Due
54%
Drei
52%
Sette
49%
Zwei
47%
Eins
46%
Otto
45%
Fünf
43%
Nove
42%
Acht
41%
Cinque
41%
Neun
40%
Sieben
40%
Vier
40%
Sechs
33%
Zehn
31%
Sete
30%
Dieci
28%
San
28%
Ichi
24%
Go
18%
Yon
18%
Drie
16%
Shichi
16%
Um
16%
Kyu
15%
Roku
15%
Een
13%
Hachi
13%
Dois
12%
Ju
12%
Twee
11%
Dez
10%
Oito
10%
Tien
10%
Negen
9%
Vijf
9%
Zes
9%
Zeven
9%
Aucun quiz correspondant
Distribution des résultats
% des personnes avec chaque résultat
Percentile par nombre de réponses
Votre historique - résultats
Vous n’avez pas pris ce quiz